LIBRARY & INFORMATION CENTRE, KCAET, TAVANUR

ONLINE PUBLIC ACCESS CATALOGUE (OPAC)

Pancharakkunju / | പഞ്ചാരക്കുഞ്ചു (Record no. 19499)

MARC details
000 -LEADER
fixed length control field 00486nam a22001697a 4500
003 - CONTROL NUMBER IDENTIFIER
control field OSt
008 - FIXED-LENGTH DATA ELEMENTS--GENERAL INFORMATION
fixed length control field 250902b |||||||| |||| 00| 0 eng d
041 ## - LANGUAGE CODE
Language code of text/sound track or separate title mal
082 ## - DEWEY DECIMAL CLASSIFICATION NUMBER
Classification number 894.812301
Item number NAM/HA
100 ## - MAIN ENTRY--AUTHOR NAME
Personal name Namboothirippad, Hareesh R
245 ## - TITLE STATEMENT
Title Pancharakkunju /
Remainder of title പഞ്ചാരക്കുഞ്ചു
260 ## - PUBLICATION, DISTRIBUTION, ETC. (IMPRINT)
Place of publication Thiruvananthapuram :
Name of publisher Chintha Publishers,
Year of publication 2024.
300 ## - PHYSICAL DESCRIPTION
Number of Pages 128 p.
650 ## - SUBJECT ADDED ENTRY--TOPICAL TERM
Topical Term Stories
650 ## - SUBJECT ADDED ENTRY--TOPICAL TERM
Topical Term Children's literature
942 ## - ADDED ENTRY ELEMENTS (KOHA)
Koha item type Books
Holdings
Withdrawn status Lost status Damaged status Home library Current library Date acquired Source of acquisition Cost, normal purchase price Full call number Accession Number Koha item type
      KAUAET KAUAET 02/09/2025 Donated by KT Jaleel MLA 230.00 894.812301 NAM/HA 26304 Books
free website counter